100 Wonders of the World: (Record no. 7067)

MARC details
000 -LEADER
fixed length control field 00604nam a22001817a 4500
003 - CONTROL NUMBER IDENTIFIER
control field GBCCL
005 - DATE AND TIME OF LATEST TRANSACTION
control field 20241126110618.0
008 - FIXED-LENGTH DATA ELEMENTS--GENERAL INFORMATION
fixed length control field 180706b ||||| |||| 00| 0 eng d
020 ## - INTERNATIONAL STANDARD BOOK NUMBER
International Standard Book Number 9781445484228
040 ## - CATALOGING SOURCE
Transcribing agency GBC
082 ## - DEWEY DECIMAL CLASSIFICATION NUMBER
Classification number 030.9
Item number HOF
100 ## - MAIN ENTRY--PERSONAL NAME
Personal name Hoffmann, Michael and Alexander Krings
9 (RLIN) 12512
245 ## - TITLE STATEMENT
Title 100 Wonders of the World:
Remainder of title From manmade masterpieces to breathtaking surprises of nature/
Statement of responsibility, etc. Michael Hoffmann and Alexander Krings
260 ## - PUBLICATION, DISTRIBUTION, ETC.
Place of publication, distribution, etc. Bath:
Name of publisher, distributor, etc. Parragon Publishing,
Date of publication, distribution, etc. 2012.
300 ## - PHYSICAL DESCRIPTION
Extent 240p.
650 ## - SUBJECT ADDED ENTRY--TOPICAL TERM
Topical term or geographic name entry element Curiosities and Wonders
Form subdivision Buildings
-- Monuments
9 (RLIN) 12513
942 ## - ADDED ENTRY ELEMENTS (KOHA)
Source of classification or shelving scheme Dewey Decimal Classification
Koha item type Reference Books
Holdings
Withdrawn status Lost status Source of classification or shelving scheme Damaged status Not for loan Home library Current Library Shelving location Date acquired Total checkouts Full call number Barcode Date last seen Copy number Price effective from Koha item type
    Dewey Decimal Classification     GRACE BIBLE COLLEGE GRACE BIBLE COLLEGE Encyclopedia 2018-07-06   030.9 HOF 014009 2025-05-01 c.1 2018-07-06 Reference Books
© Grace Bible College Library 2025